Calculus of several variable (Record no. 13855)

000 -LEADER
fixed length control field 00500nam a22001937a 4500
001 - CONTROL NUMBER
control field 13855
003 - CONTROL NUMBER IDENTIFIER
control field BD-DhUET
008 - FIXED-LENGTH DATA ELEMENTS--GENERAL INFORMATION
fixed length control field 150305b xxu||||| |||| 00| 0 eng d
040 ## - CATALOGING SOURCE
Transcribing agency DLC
Modifying agency BD-DhUET
082 ## - DEWEY DECIMAL CLASSIFICATION NUMBER
Classification number 517.8
Item number MCL/1968
100 ## - MAIN ENTRY--PERSONAL NAME
Personal name McLchlan, E. K.
245 ## - TITLE STATEMENT
Title Calculus of several variable
250 ## - EDITION STATEMENT
Edition statement 1st ed.
260 ## - PUBLICATION, DISTRIBUTION, ETC. (IMPRINT)
Place of publication, distribution, etc. California
Name of publisher, distributor, etc. Brooks/Cole Publishing
Date of publication, distribution, etc. 1968
300 ## - PHYSICAL DESCRIPTION
Extent xiii,384p.
504 ## - BIBLIOGRAPHY, ETC. NOTE
Bibliography, etc Includes bibliographies
650 #0 - SUBJECT ADDED ENTRY--TOPICAL TERM
Topical term or geographic name as entry element Calculus - Complex variables
942 ## - ADDED ENTRY ELEMENTS (KOHA)
Koha item type General Book
Holdings
Shelving location Price effective from Location (home branch) Koha normalized classification for sorting Koha date last seen Damaged status Withdrawn status Date acquired Copy number Sublocation or collection (holding branch) Lost status Not for loan Koha issues (times borrowed) Source of classification or shelving scheme Piece designation (barcode) Koha full call number Koha date last borrowed Koha item type
Circulation section2015-03-05Central Library, BUET517_800000000000000_MCL_19682015-03-05  2015-03-051Central Library, BUET    37002517.8/MCL/1968 General Book
Circulation section2015-04-08Central Library, BUET517_800000000000000_MCL_19682018-01-13  2015-04-082Central Library, BUET  1 18341517.8/MCL/19682017-12-17General Book